000 00601nam a2200205 4500
003 OSt
005 20240704013845.0
006 a
008 240704b |||||||| |||| 00| 0 eng d
020 _a9780521729536
040 _aDWCL-Main lib.
_cOC
082 _aCirc. 550 In61 2008
245 _aAn introduction to the earth-life system /
260 _aUK :
_bCambridge University Press,
_cc2008.
300 _b319 p. : col. ill. ;
_c26 cm.
504 _aIncludes bibliographical references and index.
650 _a1. Earth sciences.
700 _aCharles Cockell
942 _2ddc
_n0
_cBK-CIRC
_kCirc.
999 _c1916
_d1916